00673nam a22001577a 4500020001600000082001200016100001900028245017800047260003600225300001800261650004500279700003400324942001300358999001900371952012500390 qHard Cover. a620.005 aBurki, Ibrahim aSupply Chain Integration and Supplier Management in Supply Chain Effectiveness of Supply Chain Integration and Supplier Management in Supply Chain Networks /cIbrahim Burki. aIslamabad:bCEME - NUST,c2014. bill. ;c30cm, aEngineering Management MS-Thesis.916065 aDr. Akhtar Nawaz Malik916099 2ddccTHE c536431d536431 00102ddc406620_005000000000000709499866aCLbCLcTHEd2020-10-15l0o620.005pCL-T-372r2020-10-15w2020-10-15yTHE